00319nam a2200121Ia 45000030006000000080041000060400015000471000018000622450052000802600036001325460012001680050017001800STCL150530s9999 xx 000 0 und d aSTCLcSTCL aGates,M.; Ed. aJournal of the American Chemical Society vol-88 bAmerican Chemical Societyc1966 aEnglish20220125165848.0